000 01347nam a22003494a 4500
001 ebr10179837
003 CaPaEBR
006 m u
007 cr cn|||||||||
008 061205s2007 caua sb 001 0 eng
010 _z 2006287016
020 _z9780120884216 (pbk. : alk. paper)
020 _z0120884216 (pbk. : alk. paper)
040 _aCaPaEBR
_cCaPaEBR
035 _a(OCoLC)162130089
050 1 4 _aQA76.9.A73
_bS88 2007eb
082 0 4 _a004.165
_222
100 1 _aSweetman, Dominic.
245 1 0 _aSee MIPS run
_h[electronic resource] /
_cDominic Sweetman.
246 1 4 _aSee MIPS run Linux
250 _a2nd ed.
260 _aSan Francisco, Calif. :
_bMorgan Kaufmann Publishers/Elsevier,
_cc2007.
300 _axix, 492 p. :
_bill.
504 _aIncludes bibliographical references (p. 477-479) and index.
533 _aElectronic reproduction.
_bPalo Alto, Calif. :
_cebrary,
_d2013.
_nAvailable via World Wide Web.
_nAccess may be limited to ebrary affiliated libraries.
650 0 _aMIPS (Computer architecture)
650 0 _aRISC microprocessors.
650 0 _aEmbedded computer systems
_xProgramming.
655 7 _aElectronic books.
_2local
710 2 _aebrary, Inc.
856 4 0 _uhttp://site.ebrary.com/lib/rucke/Doc?id=10179837
_zAn electronic book accessible through the World Wide Web; click to view
999 _c144505
_d144505